Managerial economics: (Record no. 75598)
[ view plain ]
| 000 -LEADER | |
|---|---|
| fixed length control field | 00909cam a2200301 4500 |
| 001 - CONTROL NUMBER | |
| control field | 75598 |
| 003 - CONTROL NUMBER IDENTIFIER | |
| rucl marc code | BD-RjUL |
| 005 - DATE AND TIME OF LATEST TRANSACTION | |
| control field | 20211209082721.0 |
| 008 - FIXED-LENGTH DATA ELEMENTS--GENERAL INFORMATION | |
| fixed length control field | 190429s1969 enka b 001 0 eng |
| 020 ## - INTERNATIONAL STANDARD BOOK NUMBER | |
| International Standard Book Number | 0582410282 |
| 035 ## - SYSTEM CONTROL NUMBER | |
| System control number | (BD-RjUL) 75816 |
| 040 ## - CATALOGING SOURCE | |
| Original cataloging agency | DLC |
| Transcribing agency | DLC |
| Modifying agency | DLC |
| Language of cataloging | eng |
| 041 ## - LANGUAGE CODE | |
| Language code of text/sound track or separate title | eng |
| 082 00 - DEWEY DECIMAL CLASSIFICATION NUMBER | |
| Classification number | 658.4030684 |
| Edition number | 23 |
| Author mark and year | HAM 1969 |
| 100 1# - MAIN ENTRY--PERSONAL NAME | |
| Personal name | Hague, D. C. |
| Fuller form of name | (Douglas Chalmers), |
| Dates associated with a name | 1926-2015. |
| 9 (RLIN) | 231365 |
| 245 10 - TITLE STATEMENT | |
| Title | Managerial economics: |
| Remainder of title | analysis for business decisions |
| Statement of responsibility, etc. | [by] D. C. Hague. |
| 260 ## - PUBLICATION, DISTRIBUTION, ETC. (IMPRINT) | |
| Place of publication, distribution, etc. | Feltham, |
| Name of publisher, distributor, etc. | Longmans, |
| Date of publication, distribution, etc. | 1969. |
| 300 ## - PHYSICAL DESCRIPTION | |
| Pagination | vii, 356 p. |
| Illustrations | illus. |
| Size | 25 cm. |
| 490 0# - SERIES STATEMENT | |
| Series statement | Longmans' business studies |
| 504 ## - BIBLIOGRAPHY, ETC. NOTE | |
| Bibliography, etc | Includes bibliographies. |
| 650 #0 - SUBJECT ADDED ENTRY--TOPICAL TERM | |
| Topical term or geographic name as entry element | Decision making. |
| 9 (RLIN) | 231366 |
| Topical term or geographic name as entry element | Management. |
| 9 (RLIN) | 231367 |
| 906 ## - LOCAL DATA ELEMENT F, LDF (RLIN) | |
| a | 7 |
| b | cbc |
| c | orignew |
| d | u |
| e | ncip |
| f | 19 |
| g | y-gencatlg |
| 942 ## - ADDED ENTRY ELEMENTS (KOHA) | |
| Source of classification or shelving scheme | Dewey Decimal Classification |
| Koha item type | Books |
| Lost status | Source of classification or shelving scheme | Damaged status | Not for loan | Collection code | Permanent Location | Current Location | Shelving location | Date acquired | Source of acquisition | Cost, normal purchase price | Total Checkouts | Full call number | Date last seen | Copy number | Koha item type |
|---|---|---|---|---|---|---|---|---|---|---|---|---|---|---|---|
| Dewey Decimal Classification | Not For Loan | Non-fiction | Central Library, University of Rajshahi | Central Library, University of Rajshahi | Reading Room | 25/04/1970 | zeitlinger | 45.00 | 658.4030684 HAM 1969 | 29/04/2019 | C-1 | Books | |||
| Dewey Decimal Classification | Non-fiction | Central Library, University of Rajshahi | Central Library, University of Rajshahi | 25/03/1970 | zeitlinger | 45.00 | 658.4030684 HAM 1969 | 29/04/2019 | C-2 | Books | |||||
| Dewey Decimal Classification | Non-fiction | Central Library, University of Rajshahi | Central Library, University of Rajshahi | 25/03/1970 | zeitlinger | 45.00 | 658.4030684 HAM 1969 | 29/04/2019 | C-3 | Books |